La guarda de hecho y la proteccin̤ de las personas con discapacidad

Detalles Bibliográficos
Autor principal: Fb̀rega Ruiz, Cristb̤al Francisco
Formato: Desconocido
Lenguaje:español
Publicado: Madrid : Ramn̤ Areces, D.L. 2006
Materias:
Acceso en línea:Acceso restringido

MARC

LEADER 00000ny a22000003n 4500
005 20110609120045.0
008 060330s2006 sp 00| 0 spa d
017 |a D.L.M10934-06 
020 |a 9788480047579 
035 |a 2718 
040 |a SpMaUCDE  |d vLex 
090 |c 602  |d 602 
100 1 |a Fb̀rega Ruiz, Cristb̤al Francisco 
245 1 3 |a La guarda de hecho y la proteccin̤ de las personas con discapacidad  |h [Recurso electrn̤ico]  |c Cristb̤al Francisco Fb̀rega Ruiz 
256 |a Servicio en ln̕ea 
260 |a Madrid :  |b Ramn̤ Areces,  |c D.L. 2006 
300 |a 97 p. ;  |c 24 cm 
504 |a Bibliogr.: p. [95]-97 
506 1 |a Contenido solo disponible en los productos indicados  |d vLex Global  |d vLex Global (Academic Edition, excluding Law Schools)  |d vLex Global (U.S. Academic Edition, Law Schools)  |d vLex Global (U.S. Academic Edition, excluding Law Schools)  |d vLex Global (Academic Edition, Law Schools) 
650 0 7 |2 Tesauro vLex  |a Incapaz 
650 0 7 |2 Tesauro vLex  |a Guarda de hecho 
740 0 |a vLex Libros (Servicios en ln̕ea) 
856 4 0 |z Acceso restringido  |u http://vlex.com/source/guarda-hecho-proteccion-personas-discapacidad-2718 
942 |c BOOK 
999 0 |a Law  |b Madrid